000 00461nam a2200181Ia 4500
001 7619
005 20260306160508.0
008 260306t2005||||xx |||||||||||||| ||spa||
041 _aESP
082 _a352.28385
_bM61
100 _aPerú. Ministerio de Economía y Finanzas
_eAUT
245 0 _aMarco macroeconómico multianual 2006-2008
260 _c2005
300 _a66 páginas :
_c28 cm.
650 _aGEN
654 _aCAN
942 _cLIB
_dJUS
_fJUS
_2ddc
_n
999 _c7619
_d7619